000 00598nam a22001697a 4500
999 _c15827
_d15827
003 AR-CdUCM
008 190430b ||||| |||| 00| 0 spa d
040 _aMUNICIPALIDAD PROVINCIAL DEL CUSCO
_cBIBLIOTECA MUNICIPAL DEL CUSCO
082 _a323.4 /
_bE92 / 1970
110 _aNueva ley de imprenta
_935024
245 _aEstatuto de libertad de prensa :
_bdecreto ley n°18075, reglamento y ley del periodista /
260 _aLima ;
_bMartinez,
_c1971.
300 _a31 páginas ;
_c16 cm.
505 _aDecreto ley n°18075, reglamento y ley del periodista
942 _2ddc
_cFOLLETOS
945 _awfj